| 000 | 00685nam a2200217 a 4500 | ||
|---|---|---|---|
| 005 | 20240912063854.0 | ||
| 008 | 160429s2001 ec r 000 0 spa d | ||
| 020 | _a9978806180 | ||
| 035 | _aUPN01000209958 | ||
| 049 | _aI | ||
| 050 | 4 |
_aPZ75 _bT3.7 |
|
| 100 | 1 |
_aTamargo, Raúl, _d1958- _939027 |
|
| 245 | 1 | 0 |
_aPor la ventana de Sol / _cRaúl Tamargo ; il. Eulalia Cornejo. |
| 260 |
_aQuito : _bLibresa, _c2001. |
||
| 300 |
_a66 p. : _bil. |
||
| 440 | 0 | _aMitad del mundo | |
| 586 | _aGanador del Concurso Internacional de Literatura Infantil Julio C. Coba, edición 2001 | ||
| 650 | 4 |
_aCuentos infantiles argentinos _97466 |
|
| 650 | 2 |
_aVida cotidiana _96785 |
|
| 905 | _aInfantil | ||
| 999 |
_c182059 _d182059 |
||